|
|
|
|
| LEADER |
00000cam a22000004a 4500 |
| 001 |
musev2_84705 |
| 003 |
MdBmJHUP |
| 005 |
20230905052717.0 |
| 006 |
m o d |
| 007 |
cr||||||||nn|n |
| 008 |
170527s1986 inu o 00 0 eng d |
| 020 |
|
|
|a 9780253051844
|
| 035 |
|
|
|a (OCoLC)1259585850
|
| 040 |
|
|
|a MdBmJHUP
|c MdBmJHUP
|
| 100 |
1 |
|
|a Carlitz, Katherine.
|
| 245 |
1 |
4 |
|a The Rhetoric of Chin P'ing Mei /
|c Katherine Carlitz.
|
| 264 |
|
1 |
|a Bloomington :
|b Indiana University Press,
|c 1986.
|
| 264 |
|
3 |
|a Baltimore, Md. :
|b Project MUSE,
|c 2021
|
| 264 |
|
4 |
|c ©1986.
|
| 300 |
|
|
|a 1 online resource.
|
| 336 |
|
|
|a text
|b txt
|2 rdacontent
|
| 337 |
|
|
|a computer
|b c
|2 rdamedia
|
| 338 |
|
|
|a online resource
|b cr
|2 rdacarrier
|
| 505 |
0 |
|
|a The literary world of Chin p'ing mei -- The structure and themes of Chin p'ing mei -- Religion in Chin p'ing mei -- Verbal texture and narrative structure -- Drama and song : the language of convention -- Drama and song : the conventions undermined -- The conclusion of Chin p'ing mei.
|
| 506 |
0 |
|
|a Open Access
|f Unrestricted online access
|2 star
|
| 588 |
|
|
|a Description based on print version record.
|
| 600 |
0 |
7 |
|a Xiaoxiaosheng
|d ca. 16. Jahrhundert
|t Jin ping mei
|2 gnd
|
| 600 |
0 |
0 |
|a Xiaoxiaosheng.
|t Jin Ping Mei ci hua.
|
| 630 |
0 |
7 |
|a Jin Ping Mei ci hua (Xiaoxiaosheng)
|2 fast
|0 (OCoLC)fst01362088
|
| 650 |
|
7 |
|a Rhetorik
|2 gnd
|
| 655 |
|
7 |
|a Electronic books.
|2 local
|
| 710 |
2 |
|
|a Project Muse.
|e distributor
|
| 830 |
|
0 |
|a Book collections on Project MUSE.
|
| 856 |
4 |
0 |
|z Texto completo
|u https://projectmuse.uam.elogim.com/book/84705/
|